Statistics for 歴代皇居所在地

Click here to take the quiz!

General Stats

  • This quiz has been taken 35 times
  • The average score is 8 of 44

Answer Stats

ヒント答え% Correct
今の首都東京
97%
累計1100年近く日本の都平安京
94%
奈良盆地内に作られた東西に4.3kmもの大きさを誇る都、中央に朱雀大路がある平城京
94%
平城京
94%
山崎津を中心に桂川や淀川を活用して栄えるはずだった長岡京
86%
壬申の乱で勝利した天武天皇により作られ、初めて唐風の条坊制が用いられた藤原京
66%
甲賀宮とも呼ばれる紫香楽宮
54%
平清盛主導で作られた福原京
49%
この宮で大化の改新などが行われた難波宮
46%
山城国分寺に転用された恭仁京
34%
天智天皇が白村江の戦い後、外敵を恐れて内陸に遷都した近江宮/近江大津宮
23%
飛鳥浄御原宮
20%
南朝の行宮吉野行宮
17%
"あのうあんぐう"と読む賀名生行宮
17%
飛鳥板蓋宮
14%
難波京
14%
飛鳥岡本宮
6%
現在の枚方市で交野天神社の境内樟葉宮
3%
これを機に飛鳥の地に次々と宮殿が作られるようになる豊浦宮
3%
"おさたのさきたまのみや"と読む訳語田幸玉宮
3%
住吉行宮
0%
天野行宮
0%
朝倉橘広庭宮
0%
後飛鳥岡本宮
0%
390年〜430年軽島豊明宮
0%
飛鳥川原宮
0%
磐余玉穂宮
0%
現在の桜井市泊瀬朝倉宮
0%
現在の桜井市磐余甕栗宮
0%
近飛鳥八釣宮
0%
石上広高宮
0%
現在の桜井市泊瀬列城宮
0%
筒城宮
0%
弟国宮
0%
勾金橋宮
0%
難波高津宮
0%
"ひのくまのいおりののみや"と読む檜隈廬入野宮/檜前伊富利野乃宮/檜前五百野宮/檜坰之廬入野宮
0%
"しきしまのかなさしのみや"と読む磯城島金刺宮
0%
百済大井宮
0%
"いけのへのなみつきのみや"と読む磐余池辺雙槻宮
0%
倉梯柴垣宮
0%
明日香村の雷丘付近にあるとされる小墾田宮
0%
田中宮
0%
百済宮
0%

Score Distribution

Percentile by Number Answered

Percent of People with Each Score

Your Score History

You have not taken this quiz